000 00648nam a22002417a 4500
001 64501
003 UA-OsUOA
005 20220525151304.0
007 ta
008 20091105b un ||||| |||| 00| 0 ukr d
040 _aUA-OsUOA
_bukr
_cUA-OsUOA
_dUA-OsUOA
041 _aukr
080 _a821.161.2
090 _a821.161.2
_bР83
100 _aРуданський С.
245 _aТвори в трьох томах
260 _aК.
_c1973
300 _a443 с.
505 _gТ. 3
650 7 _a821 Художня література окремими мовами і мовними сім'ями
_2UDC
942 _cBK
_2udc
955 _a3
999 _c350759
_d350759